000 00814nam a2200229Ia 4500
001 10073
003 GE_BSU
008 181216s||||||||xx |||||||||||||| ||und||
040 _cGE_BSU
080 _a821.353.1–82
245 _aსაბჭოთა აჭარა
245 _bმხატვრული კრებული
245 _cრედ.დ.დუმბაძე.მხატვ.ს.თეთრაძე
260 _aბათომი
260 _bაჭარის სახელგამი
260 _c1936
300 _a72გვ.ილ.22სმ.
520 _aდამატებითი თავფურც.რუსულ ენაზე
653 _aმხატვრული კრებული
653 _aსაბჭოთა აჭარა
942 _cBK
999 _c43345
_d43345